Handbook of Neurochemistry and Molecular Neurobiology Neural Protein Metabolism and Function /

Bibliographic Details
Corporate Author: SpringerLink (Online service)
Other Authors: Lajtha, Abel (Editor), Banik, Naren (Editor)
Format: Electronic eBook
Language:English
Published: Boston, MA : Springer US, 2007.
Subjects:
Online Access:Full Text via HEAL-Link
LEADER 03449nam a22004095i 4500
001 978-0-387-30379-6
003 DE-He213
005 20150519181132.0
007 cr nn 008mamaa
008 100301s2007 xxu| s |||| 0|eng d
020 |a 9780387303796  |9 978-0-387-30379-6 
024 7 |a 10.1007/978-0-387-30379-6  |2 doi 
040 |d GrThAP 
050 4 |a RC321-580 
072 7 |a PSAN  |2 bicssc 
072 7 |a MED057000  |2 bisacsh 
082 0 4 |a 612.8  |2 23 
245 1 0 |a Handbook of Neurochemistry and Molecular Neurobiology  |h [electronic resource] :  |b Neural Protein Metabolism and Function /  |c edited by Abel Lajtha, Naren Banik. 
264 1 |a Boston, MA :  |b Springer US,  |c 2007. 
300 |a XII, 698 p. 40 illus. eReference.  |b online resource. 
336 |a text  |b txt  |2 rdacontent 
337 |a computer  |b c  |2 rdamedia 
338 |a online resource  |b cr  |2 rdacarrier 
347 |a text file  |b PDF  |2 rda 
505 0 |a REGULATION OF PROTEIN METABOLISM – M. Salinas and J. Burda -- CELL ADHESION MOLECULES OF THE IMMUNOGLOBULIN SUPERFAMILY IN THE NERVOUS SYSTEM – P. S. Walmod, M. V. Pedersen, V. Berezin, and E. Bock -- NEUROSECRETORY PROTEIN TRAFFICKING AND DENSE-CORE GRANULE BIOGENESIS IN NEUROENDOCRINE CELLS – T. Kim, M. Gondré-Lewis, I. Arnaoutova, N. Cawley, Y. Peng Loh -- PROTEIN SYNTHESIS AT SYNAPTIC SITES ON DENDRITES – O. Steward -- EMERGING FUNCTIONS OF THE "CA2+ BUFFERS" PARVALBUMIN, CALBINDIN D-28k AND CALRETININ IN THE BRAIN – B. Schwaller -- ACTIN, ACTIN-BINDING PROTEINS AND MYOSINS IN NERVOUS SYSTEM – R. Ishikawa -- TRANSGLUTAMINASE – A. J. L. Cooper, S.-Y. Kim -- PROTEIN ALTERATION IN MENTAL RETARDATION – M. A. Junaid, W. T. Brown -- PROTEIN SULFATION – S. Hemmerich -- PROTEIN FOLDING – A. Szilágyi, J. Kardos, S. Osváth, L. Barna, and P. Závodszky -- NEURODEGENERATIVE DEMENTIAS INVOLVING ABERRANT PROTEIN AGGREGATION – T. Kudo and M. Takeda -- POLYGLUTAMINE DISEASES – H. Okazawa -- THE PROTEASOME, PROTEIN AGGREGATION, AND NEURODEGENERATION – S. Wilk -- SERINE PROTEASES – J. Tóth, P. Medveczky, L. Szilágyi, and L. Gráf -- CALPAIN AS A TARGET FOR PREVENTION OF NEURONAL DEATH IN INJURIES AND DISEASES OF THE CENTRAL NERVOUS SYSTEM – S. K. Ray, M. K. Guyton, E. A. Sribnick, and N. L. Banik -- SECRETASE PROCESSING OF AMYLOID PRECURSOR PROTEIN (APP) AND NEURODEGENERATION (APP) – N. Marks and M. J. Berg -- THE BIOLOGY OF CASPASES IN CENTRAL NERVOUS SYSTEM TRAUMA – M. L. McEwen, J. E. Springer -- MICROGLIAL PROTEASES – H. Nakanishi -- MMPs AND OTHER MATRIX-DEGRADING METALLOPROTEINASES IN NEUROLOGICAL DISEASE – P. E. Gottschall and K. Conant -- PROTEASE INHIBITORS AND THEIR INVOLVEMENT IN NEUROLOGICAL DISORDERS – B. Tizon and E. Levy -- NEUROPEPTIDASES – K.-S. Hui -- UBIQUITINATION AND PROTEASOMAL PROTEIN DEGRADATION IN NEURONS – L. Klimaschewski -- PROTEASE ACTIVITY IN THE AGING BRAIN – D. A. Gray -- FROM CONCEPT TO POTENTIAL THERAPEUTICS: NEUROPROTECTIVE PEPTIDES – I. Gozes and J. Tiong. 
650 0 |a Medicine. 
650 0 |a Neurosciences. 
650 1 4 |a Biomedicine. 
650 2 4 |a Neurosciences. 
700 1 |a Lajtha, Abel.  |e editor. 
700 1 |a Banik, Naren.  |e editor. 
710 2 |a SpringerLink (Online service) 
773 0 |t Springer eBooks 
776 0 8 |i Printed edition:  |z 9780387303468 
856 4 0 |u http://dx.doi.org/10.1007/978-0-387-30379-6  |z Full Text via HEAL-Link 
912 |a ZDB-2-SBL 
950 |a Biomedical and Life Sciences (Springer-11642)